000 02003nam a2200313 i 4500
003 DO-SdBNP
005 20250512103647.0
007 ta
008 250512b2024 dr acbo| |||| 00| 0 spa d
020 _a9789945800678
040 _aDO-SdBNP
_bspa
_cBNPHU
_erda
082 _axxxx
_bM385
_222
100 1 _aMartínez de Macarrulla, Lidia
_eautora
_4aut.
_975079
245 1 3 _aEl cacique Enriquillo :
_bun líder indígena para la libertad en América /
_cLidia Martinez de Macarrulla ; editor, César Sánchez Franco ; foto de portada Javier Benítez,
264 1 _aSanto Domingo :
_bFOMCAE,
_c2024.
300 _a196 páginas :
_bilustraciones, retratos, mapas, fotografías
_c28 cm.
336 _atexto
_btxt
_2rdacontent
337 _asin mediación
_bn
_2rdamedia
338 _avolumen
_bnc
_2rdacarrier
500 _aIncluye datos biografícos de la autora en la solapa de la portada.
504 _aBibliografía p: 195-197.
520 _aLa investigación llevada a cabo por la señora Lidia Martínez de Macarrulla llega ahora a manos del lector. La labor del historiador exige explorar el pasado y ahondar en las raíces hasta sacar a la luz los hechos. Es una tarea lenta y, en ocasiones, cargada de desaliento, hasta lograr recomponer los fragmentos que han quedado en la oscuridad de archivos y bajo la tierra de diversos lugares excavados con mimo y cuidado. En las páginas de este libro hay muchas horas de búsqueda y trabajo minucioso para presentarnos la figura del cacique Enriquillo, símbolo de libertad y pilar de la identidad del pueblo dominicano. Este es el deseo original del proyecto que la señora Martinez de Macarrulla encabeza desde hace varios años.
590 _aInventariado, 2025/ YL
700 _aSánchez Franco, César
_eeditor
_4ed.
_987743
700 _aBenítez, Javier
_efoto de portada
_4fot.
_987744
710 1 _aFundación para el Fomento de las Artes, Cultura, Actividades Físicas y Educación.
_987745
910 _aYLockward
942 _2ddc
_cLBS1
999 _c58439
_d58439